Loading...
| Religion | 0 | 6 | 0 | 0 | 60 | 86 | 110.33 | 0 | 2 |
| Literature - World Literature | 0 | 5 | 0 | 0 | 50 | 77 | 96.80 | 0 | 0 |
| Literature - British Literature | 0 | 4 | 0 | 0 | 40 | 99 | 126.00 | 0 | 1 |
| Fine Arts - Other Fine Arts | 0 | 4 | 0 | 0 | 40 | 64 | 95.50 | 0 | 0 |
| History - Other History | 0 | 4 | 0 | 3 | 40 | 69 | 123.25 | 0 | 0 |
| Geography | 0 | 4 | 1 | 0 | 35 | 16 | 60.75 | 1 | 3 |
| Literature - European Literature | 0 | 4 | 2 | 3 | 30 | 136 | 153.25 | 0 | 0 |
| Science - Chemistry | 0 | 3 | 1 | 1 | 25 | 137 | 139.00 | 0 | 0 |
| Social Science | 0 | 3 | 2 | 0 | 20 | 61 | 83.00 | 0 | 2 |
| Other Academic | 0 | 2 | 1 | 0 | 15 | 82 | 105.00 | 0 | 1 |
| Mythology | 0 | 2 | 1 | 0 | 15 | 91 | 103.50 | 0 | 1 |
| Literature - American Literature | 0 | 2 | 2 | 1 | 10 | 128 | 129.50 | 0 | 0 |
| History - European History | 0 | 2 | 2 | 1 | 10 | 112 | 119.00 | 0 | 0 |
| History - World History | 0 | 2 | 3 | 0 | 5 | 101 | 108.00 | 0 | 1 |
| Science - Biology | 0 | 1 | 1 | 0 | 5 | 85 | 85.00 | 0 | 0 |
| Fine Arts - Painting & Sculpture | 0 | 1 | 1 | 0 | 5 | 59 | 59.00 | 1 | 1 |
| Philosophy | 0 | 1 | 1 | 0 | 5 | 98 | 98.00 | 0 | 0 |
| History - American History | 0 | 0 | 0 | 0 | 0 | 0.00 | 0 | 0 |